000 00515nam a2200217Ia 4500
003 OSt
005 20230318110353.0
008 210423s2017 xx 000 0 und d
020 _a978-81-7599-432-4
040 _cAL
041 _aeng
082 _a823.9
_223
_bWELI
100 _aWELLS (H G)
_976332
245 _aInvisible man
260 _aNew Delhi
_bFingerprint
_c2017
300 _a160
_bPB
365 _b175
_cINR
650 _aEnglish Fiction
_976333
906 _aInvisible ; man
942 _2ddc
_cBK
999 _c168699
_d168699